MARC

LEADER 00000nam0a2200000 4500
001 333016
005 20231102004519.0
035 |a (RuTPU)RU\TPU\book\359011 
035 |a RU\TPU\book\359010 
090 |a 333016 
100 |a 20170605d1978 k y0rusy50 ca 
101 0 |a rus 
102 |a RU 
105 |a a z 001zy 
200 1 |a Усовершенствование и автоматизация промышленных электроприводов и электроустановок  |e межвузовский сборник  |f Ивановский энергетический институт (ИЭИ) ; отв. ред. А. М. Быстров 
210 |a Иваново  |c Изд-во ИвГУ  |d 1978 
215 |a 149 с.  |c ил. 
320 |a Библиогр. в конце статей 
606 1 |a Электроприводы промышленные  |2 stltpush  |3 (RuTPU)RU\TPU\subj\73230  |9 86352 
606 1 |a Электрические установки  |2 stltpush  |3 (RuTPU)RU\TPU\subj\27670  |9 51390 
610 1 |a поточные линии 
610 1 |a бумагоделательные машины 
610 1 |a прессы 
610 1 |a нагрузки 
610 1 |a распределение 
610 1 |a дискретные регуляторы 
610 1 |a цифровое моделирование 
610 1 |a устойчивость 
610 1 |a импульсы 
610 1 |a корректирующие сигналы 
610 1 |a энергетические показатели 
610 1 |a расчет 
675 |a 62-83  |v 4 
675 |a 621.31  |v 4 
702 1 |a Быстров  |b А. М.  |4 340 
712 0 2 |a Ивановский энергетический институт (ИЭИ)  |c (1930-1992)  |2 stltpush  |3 (RuTPU)RU\TPU\col\6341 
801 1 |a RU  |b 63413507  |c 20170605 
801 2 |a RU  |b 63413507  |c 20170614  |g RCR 
942 |c BK